00832cas a22001814i 4500001001000000003001000010005001700020008004100037040004100078041000800119100002900127245005300156300005700209520025500266546002200521650001300543773009400556768714001CO-MdFUSB20240618062718.0180821s1991 xxu||||| |||| 00| 0 eng d aCO-MdFUSBbspacCO-MdFUSBdCO-MdFUSB aeng1 aBolaño, Domingaeautor00aReligion not the real issue on Colombian TV Show aVolumen 71. Número 3 (1991), páginas 15c: 28 cm aEste artículo hace referencia al crecimiento evangélico que fue el foco en un programa de la televisión colombiana en la década de los 80 y en el cual se entrevistaron a dos representantes de la iglesia católica y dos lideres evangélicos. aTexto en inglés 0aMisiones0 tLatin America Evangelist049466gVolumen 71. Número 3 (1991), páginas 15qPágina 15